000 01706nam0a22003131 4500
001 rc\4082668
005 20260408000836.0
021 _aRU
_b[51-23921]
035 _a(NLR Aleph) 008126886
090 _a9398975
_c9398975
100 _a20130415d1951 |||y0rusy50 ca
101 0 _arus
102 _aRU
105 _aa z |||||
200 1 _aПамятка по технике безопасности для рабочих, занятых электропрогревом бетона
_fМ-во строительства предприятий тяжелой индустрии СССР. Упр. рабочих кадров, труда и заработной платы
210 _aМосква
_cГосстройиздат
_d1951
215 _a20 с.
_cил.
_d14
225 1 _a[Техника безопасности]
300 _aНа обороте тит. л. сост.: инж. С.С. Леви
300 _aНа обл. загл.: Памятка для рабочих, занятых электропрогревом бетона
512 0 _aПамятка для рабочих, занятых электропрогревом бетона
606 _aБетон
_xЭлектропрогрев
_xТехника безопасности
_2psbo
702 1 _aЛеви
_bС.С.
_gСемен Савельевич
_4220
712 0 1 _aСССР
_bМинистерство строительства предприятий тяжелой индустрии
_bУправление рабочих кадров, труда и зарплаты
_3RU\NLR\AUTH\8810164834
_9825741
801 0 _aRU
_bNLR
_gpsbo
801 1 _aRU
_bELAR
_2rusmarc
852 _aNLR
_jТ80 Г-2/562
942 _cBOOK
980 _aNB